Country Beginnings Hunt Quiz Stats

 Plays Quiz Updated Aug 23, 2018

Challenge
Share
Tweet
Embed
Score 0/15 Timer 03:00
0 Plays Today
% Correct
CHO
67%
RAM
64.7%
NIA
62.5%
ALA
60.7%
MUS
59.8%
LIN
59.2%
NAS
57.6%
SIM
57.6%
% Correct
STO
56.5%
SAR
53%
COR
50.7%
BOR
48.6%
MAS
48.1%
KOR
43.4%
MAN
39.4%

You're not logged in!

Compare scores with friends on all Sporcle quizzes.
OR
Log In

You Might Also Like...

Show Comments

Extras

Top Quizzes Today


Score Distribution

Your Account Isn't Verified!

In order to create a playlist on Sporcle, you need to verify the email address you used during registration. Go to your Sporcle Settings to finish the process.

Report this User

Report this user for behavior that violates our Community Guidelines.

Details: